Normal view
MARC view
Entry Topical Term
001 - CONTROL NUMBER
- control field: 27538
003 - CONTROL NUMBER IDENTIFIER
- control field: ARRUPE
005 - DATE AND TIME OF LATEST TRANSACTION
- control field: 20161118110617.0
008 - FIXED-LENGTH DATA ELEMENTS
- fixed length control field: 161118|| aca||aabn | a|a d
040 ## - CATALOGING SOURCE
- Original cataloging agency: ARRUPE
- Transcribing agency: ARRUPE
150 ## - HEADING--TOPICAL TERM
- Topical term or geographic name as entry element: Shona literature
- General subdivision: Dictionaries
670 ## - SOURCE DATA FOUND
- Source citation: Work cat.: (ARRUPE): Kahari, George Payne 27536, Standard Shona-English dictionary of names, 2016